| 000 | 00781nam a2200241 a 4500 | ||
|---|---|---|---|
| 001 | 48717 | ||
| 003 | BD-RjUL | ||
| 005 | 20211209054555.0 | ||
| 008 | 160816m19761832nyu b 001 0 eng | ||
| 035 | _a(BD-RjUL)48836 | ||
| 040 |
_aBD-RjUL _beng _cBD-RjUL _dBD-RjUL |
||
| 041 | _aeng | ||
| 082 |
_223 _a355.02 _bCLO 1976 |
||
| 100 |
_aClausewitz, Carl Von _9147017 |
||
| 245 | 1 | 0 |
_aOn war / _cCarl Von Clausewitz ; Anatol Rapoport |
| 260 |
_aNew York : _bPenguin Book, _c1832, [Reprinted 1976] |
||
| 300 |
_a460 p. ; _c24 cm. |
||
| 504 | _aIncludes bibliographical references and indexes. | ||
| 650 | 0 |
_aMilitary art and science. _xHISTORY -- Military -- Other. _9147018 |
|
| 650 | 0 |
_aInternational relations. _9147019 |
|
| 700 |
_aRapoport, Anatol _9147020 |
||
| 942 |
_2ddc _cBK |
||
| 999 |
_c48717 _d48717 |
||